000 00470nam a22001337a 4500
008 131129b xxu||||| |||| 00| 0 eng d
050 _aSPC DT1056.M875
100 _aMorris, Colin M.
_94385
245 _aAnything but this
_bThe challenge of race in Central Africa
260 _aLondon
_bUnited Society for Christian Literature
_c1958
300 _a64p.
_c18cm
650 _aRace discrimination - Africa; Church & social problems - Africa
_94386
942 _2lcc
_cMONOGRAPH
999 _c118845
_d118845